000 01090nam a22002297a 4500
001 38719
003 BD-RjUL
005 20211209052840.0
008 160214b bg ||||| |||| 00| 0 ben d
035 _a(BD-RjUL)38828
040 _aBD-RjUL
_beng
_cBD-RjUL
_dBD-RjUL
041 _aben
082 _223
_aB 378.54925
_bKAB 1989
100 _aকরিম, মো. বজলুল
_9119447
245 _aব্রজলাল কলেজের ইতিহাস, ১৯০২-১৯৮৯ খ্রীষ্টাব্দ :
_bএকটি গবেষণামূলক গ্রন্থ /
_cমো. বজলুল করিম
260 _aখুলনা :
_bঅবকাশ,
_c১৮৮৯
300 _aত, ৫৪৩ পৃ. :
_bচিত্র ;
_c২২ সেমি.
504 _aউৎস নির্দেশ ও নির্দেশিকা সম্বলিত
650 _aব্রজলাল কলেজ
_vইতিহাস
_zখুলনা
_zবাংলাদেশ
_9119448
650 _aBrajalal College
_vHistory
_zKhulna
_zBangladesh
_9119449
942 _2ddc
_cBK
999 _c38719
_d38719